<?xml version="1.0" encoding="UTF-8"?>
<record
    xmlns:xsi="http://www.w3.org/2001/XMLSchema-instance"
    xsi:schemaLocation="http://www.loc.gov/MARC21/slim http://www.loc.gov/standards/marcxml/schema/MARC21slim.xsd"
    xmlns="http://www.loc.gov/MARC21/slim">

  <leader>03147    a2200217   4500</leader>
  <controlfield tag="001">22796</controlfield>
  <controlfield tag="005">20260407155517.0</controlfield>
  <controlfield tag="008">260407a1959    arg                 spa d</controlfield>
  <controlfield tag="003">AR-UNSa-BCEJYS</controlfield>
  <datafield tag="040" ind1=" " ind2=" ">
    <subfield code="a">AR-UNSa-BCEJYS</subfield>
    <subfield code="b">spa</subfield>
    <subfield code="c">AR-UNSa-BCEJYS</subfield>
  </datafield>
  <datafield tag="080" ind1=" " ind2=" ">
    <subfield code="a">(031)657</subfield>
    <subfield code="x">Encicloped&#xED;a de Contabilidad</subfield>
  </datafield>
  <datafield tag="245" ind1="1" ind2="0">
    <subfield code="a">Enciclopedia de administraci&#xF3;n contabilidad y organizaci&#xF3;n de empresas</subfield>
  </datafield>
  <datafield tag="264" ind1=" " ind2="1">
    <subfield code="a">Madrid :</subfield>
    <subfield code="b">Aguilar</subfield>
    <subfield code="c">1959</subfield>
  </datafield>
  <datafield tag="300" ind1=" " ind2=" ">
    <subfield code="a">3v. (xxxv, 1528; xxiii, 1377; xxiv, 1062 p.)</subfield>
    <subfield code="c">24 cm.</subfield>
  </datafield>
  <datafield tag="505" ind1=" " ind2=" ">
    <subfield code="a">Tomo I: Parte I: Conocimiento b&#xE1;sico para el estudio de la contabilidad - Libro 1: Historia del comercio - Libro 2: Geograf&#xED;a econ&#xF3;mica - Libro 3: Derecho mercantil - Libro 4: Nociones de econom&#xED;a - Libro 5: Pr&#xE1;ctica abreviadas de c&#xE1;lculo mercantil - Libro 6: El comercio y sus documentos de prueba - Libro 7: Contabilidad elemental - Parte II: La partida doble: Libro 8: Tenedur&#xED;a de libros por partida doble - Libro 9: Contabilidad superior - Parte III: Contabilidad aplicada : Libro 10: Contabilidad de las sociedades mercantiles - Parte IV: Contabilidad aplicada a los peque&#xF1;os negocios : Libro 11: Comerciantes y empresas individuales - Parte V: La oficina moderna: Libro 12 : Organizaci&#xF3;n de oficinas - Libro 13: Archivos y ficheros - Libro 14: Redacci&#xF3;n de cartas comerciales
Tomo II: Parte VI: Contabilidad aplicada a las grandes empresas mercantiles : Libro 15: Contabilidad de los negocios familiares - Libro 16: Contabilidad de los servicios p&#xFA;blicos - Libro 17: Organizaci&#xF3;n y contabilidad de las empresas bancarias - Libro 18: Contabilidad de las empresas de seguros - Libro 19: Industrias del campo - Libro 20: Sistema de contabilidad de los negocios m&#xFA;ltiples - Parte VII: Contabilidad de previsi&#xF3;n: Libro 21:Contabilidad de los presupuestos - Parte VIII: Especialidades: Libro 22 : Sistemas de contabilidad americanos - Libro 23: Sistemas de contabilidad en moneda extranjera - Libro 24: Contabilidad de las quiebras y sindicaturas - Libro 25: Contabilidad de las testamentarias - Libro 26: Contabilidad de las sucursales y agencias - Libro 27: Fusi&#xF3;n y consolidaci&#xF3;n de sociedades - Libro 28: Contabilidad de los dep&#xF3;sitos constituidos por testamentar&#xED;as o escrituras(cuentas-trusts) - Libro 29 : Empresas rectoras de otras sociedades (compa&#xF1;ias-holding)- Libro 30: Contabilidad de los traspasos en las grandes empresas industriales - Partes X: Problemas importantes de la administraci&#xF3;n : Libro 32: Particularidades de una contabilidad cuando falta el contable - Libro 33: El problema de la distribuci&#xF3;n de los beneficios - Libro 34: Instrumentos de direcci&#xF3;n de los negocios - Parte XI: Examen critico de balance : Libro 35: Interpretaci&#xF3;n y an&#xE1;lisis de balances - Libro 36: Inspecci&#xF3;n de contabilidades - Libro 37: Instrumentos de direcci&#xF3;n de los negocios.Organismo de revisi&#xF3;n interior - Libro  38: Planeamiento, organizaci&#xF3;n y econom&#xED;a de la empresa - Libro 39: Elementos de estad&#xED;stica.</subfield>
  </datafield>
  <datafield tag="942" ind1=" " ind2=" ">
    <subfield code="c">BK</subfield>
  </datafield>
  <datafield tag="590" ind1=" " ind2=" ">
    <subfield code="a">niveau_biblio:m niveau_hierar:0</subfield>
  </datafield>
  <datafield tag="100" ind1="1" ind2=" ">
    <subfield code="a">Arag&#xF3;n Soldado, Jes&#xFA;s de</subfield>
  </datafield>
  <datafield tag="700" ind1="1" ind2=" ">
    <subfield code="a">Arag&#xF3;n Rodr&#xED;guez, Jes&#xFA;s de</subfield>
  </datafield>
  <datafield tag="700" ind1="1" ind2=" ">
    <subfield code="a">Arag&#xF3;n Rodr&#xED;guez, Enrique de</subfield>
  </datafield>
  <datafield tag="999" ind1=" " ind2=" ">
    <subfield code="c">1056</subfield>
    <subfield code="d">1056</subfield>
  </datafield>
  <datafield tag="952" ind1=" " ind2=" ">
    <subfield code="0">0</subfield>
    <subfield code="1">0</subfield>
    <subfield code="4">0</subfield>
    <subfield code="7">0</subfield>
    <subfield code="a">BCEJYS</subfield>
    <subfield code="b">BCEJYS</subfield>
    <subfield code="c">16</subfield>
    <subfield code="d">2026-04-07</subfield>
    <subfield code="l">0</subfield>
    <subfield code="o">R(031)657 A659 v.1</subfield>
    <subfield code="p">L20929</subfield>
    <subfield code="r">2026-04-07 15:55:17</subfield>
    <subfield code="w">2026-04-07</subfield>
    <subfield code="y">L</subfield>
  </datafield>
  <datafield tag="952" ind1=" " ind2=" ">
    <subfield code="0">0</subfield>
    <subfield code="1">0</subfield>
    <subfield code="4">0</subfield>
    <subfield code="7">0</subfield>
    <subfield code="a">BCEJYS</subfield>
    <subfield code="b">BCEJYS</subfield>
    <subfield code="c">16</subfield>
    <subfield code="d">2026-04-07</subfield>
    <subfield code="l">0</subfield>
    <subfield code="o">R(031)657 A659 v.2</subfield>
    <subfield code="p">L20930</subfield>
    <subfield code="r">2026-04-07 15:55:17</subfield>
    <subfield code="w">2026-04-07</subfield>
    <subfield code="y">L</subfield>
  </datafield>
  <datafield tag="952" ind1=" " ind2=" ">
    <subfield code="0">0</subfield>
    <subfield code="1">0</subfield>
    <subfield code="4">0</subfield>
    <subfield code="7">0</subfield>
    <subfield code="a">BCEJYS</subfield>
    <subfield code="b">BCEJYS</subfield>
    <subfield code="c">16</subfield>
    <subfield code="d">2026-04-07</subfield>
    <subfield code="l">0</subfield>
    <subfield code="o">R(031)657 A659 v.2</subfield>
    <subfield code="p">L24635</subfield>
    <subfield code="r">2026-04-07 15:55:17</subfield>
    <subfield code="w">2026-04-07</subfield>
    <subfield code="y">L</subfield>
  </datafield>
  <datafield tag="952" ind1=" " ind2=" ">
    <subfield code="0">0</subfield>
    <subfield code="1">0</subfield>
    <subfield code="4">0</subfield>
    <subfield code="7">0</subfield>
    <subfield code="a">BCEJYS</subfield>
    <subfield code="b">BCEJYS</subfield>
    <subfield code="c">16</subfield>
    <subfield code="d">2026-04-07</subfield>
    <subfield code="l">0</subfield>
    <subfield code="o">R(031)657 A659 v.3</subfield>
    <subfield code="p">L24636</subfield>
    <subfield code="r">2026-04-07 15:55:18</subfield>
    <subfield code="w">2026-04-07</subfield>
    <subfield code="y">L</subfield>
  </datafield>
  <datafield tag="952" ind1=" " ind2=" ">
    <subfield code="0">0</subfield>
    <subfield code="1">0</subfield>
    <subfield code="4">0</subfield>
    <subfield code="7">0</subfield>
    <subfield code="a">BCEJYS</subfield>
    <subfield code="b">BCEJYS</subfield>
    <subfield code="c">16</subfield>
    <subfield code="d">2026-04-07</subfield>
    <subfield code="l">0</subfield>
    <subfield code="o">R(031)657 A659 v.3</subfield>
    <subfield code="p">L20931</subfield>
    <subfield code="r">2026-04-07 15:55:18</subfield>
    <subfield code="w">2026-04-07</subfield>
    <subfield code="y">L</subfield>
  </datafield>
  <datafield tag="952" ind1=" " ind2=" ">
    <subfield code="0">0</subfield>
    <subfield code="1">0</subfield>
    <subfield code="4">0</subfield>
    <subfield code="7">0</subfield>
    <subfield code="a">BCEJYS</subfield>
    <subfield code="b">BCEJYS</subfield>
    <subfield code="c">16</subfield>
    <subfield code="d">2026-04-07</subfield>
    <subfield code="l">0</subfield>
    <subfield code="o">R(031)657 A659 v.1</subfield>
    <subfield code="p">L24634</subfield>
    <subfield code="r">2026-04-07 15:55:18</subfield>
    <subfield code="w">2026-04-07</subfield>
    <subfield code="y">L</subfield>
  </datafield>
  <datafield tag="952" ind1=" " ind2=" ">
    <subfield code="0">0</subfield>
    <subfield code="1">0</subfield>
    <subfield code="4">0</subfield>
    <subfield code="7">0</subfield>
    <subfield code="a">BCEJYS</subfield>
    <subfield code="b">BCEJYS</subfield>
    <subfield code="c">16</subfield>
    <subfield code="d">2026-04-07</subfield>
    <subfield code="l">0</subfield>
    <subfield code="o">R(031)657 A659 v.2</subfield>
    <subfield code="p">L125781</subfield>
    <subfield code="r">2026-04-07 15:55:18</subfield>
    <subfield code="w">2026-04-07</subfield>
    <subfield code="y">L</subfield>
  </datafield>
</record>
